LEADER 00914cam0-2200325---450- 001 990005518770403321 005 20151006135109.0 010 $a3-520-36801-3 035 $a000551877 035 $aFED01000551877 035 $a(Aleph)000551877FED01 035 $a000551877 100 $a19990604d1984----km-y0itay50------ba 101 0 $ager 102 $aDE 105 $ay-------001yy 200 1 $aLexikon der germanischen Mythologie$fRudolf Simek 210 $aStuttgart$cA. Kröner$d1984 215 $aXIV, 525 p.$d28 cm 225 1 $aKröners Taschenausgabe$v368 610 0 $aMitologia germanica$aLessico 676 $a293.13$v22$zita 700 1$aSimek,$bRudolf$0213143 801 0$aIT$bUNINA$gRICA$2UNIMARC 901 $aBK 912 $a990005518770403321 952 $a293.13 SIM 1$bFil.mod.4604$fFLFBC 959 $aFLFBC 996 $aLexikon der germanischen Mythologie$9609662 997 $aUNINA LEADER 02585nam 2200649 450 001 9910822365303321 005 20230802002342.0 010 $a0-8229-7742-7 035 $a(CKB)3240000000064821 035 $a(SSID)ssj0000608430 035 $a(PQKBManifestationID)11367699 035 $a(PQKBTitleCode)TC0000608430 035 $a(PQKBWorkID)10590535 035 $a(PQKB)10591367 035 $a(MiAaPQ)EBC2039259 035 $a(OCoLC)867785830 035 $a(MdBmJHUP)muse916 035 $a(Au-PeEL)EBL2039259 035 $a(CaPaEBR)ebr10853113 035 $a(CaONFJC)MIL586789 035 $a(EXLCZ)993240000000064821 100 $a20140408h20122012 uy 0 101 0 $aeng 135 $aurcnu|||||||| 181 $ctxt 182 $cc 183 $acr 200 10$aBeyond the pulpit $ewomen's rhetorical roles in the antebellum religious press /$fLisa J. Shaver 210 1$aPittsburgh, Pennsylvania :$cUniversity of Pittsburgh Press,$d2012. 210 4$d©2012 215 $a1 online resource (182 pages) 225 1 $aPittsburgh Series in Composition, Literacy, and Culture 300 $aBibliographic Level Mode of Issuance: Monograph 311 $a0-8229-6169-5 320 $aIncludes bibliographical references and index. 327 $aIntroduction: looking beyond the pulpit -- Dying well -- Women's deathbed pulpits -- Contained inside the ladies' department -- Stepping outside the ladies' department -- A magazine of their own -- Epilogue: ambiguous and liminal spaces. 410 0$aPittsburgh series in composition, literacy, and culture. 606 $aWomen in the Methodist Church$zUnited States$xHistory$y19th century 606 $aMethodist women$xReligious life$zUnited States$xHistory$y19th century 606 $aMethodist Church$zUnited States$xPeriodicals$xHistory$y19th century 606 $aMethodist women$xPress coverage$zUnited States$xHistory$y19th century 606 $aWomen and journalism$zUnited States$xHistory$y19th century 607 $aUnited States$xChurch history$y19th century 615 0$aWomen in the Methodist Church$xHistory 615 0$aMethodist women$xReligious life$xHistory 615 0$aMethodist Church$xPeriodicals$xHistory 615 0$aMethodist women$xPress coverage$xHistory 615 0$aWomen and journalism$xHistory 676 $a287/.608209034 700 $aShaver$b Lisa J.$01619082 801 0$bMiAaPQ 801 1$bMiAaPQ 801 2$bMiAaPQ 906 $aBOOK 912 $a9910822365303321 996 $aBeyond the pulpit$93951154 997 $aUNINA